000 00656nam a2200253Ia 4500
003 OSt
005 20221007103115.0
006 a|||||r|||| 00| 0
007 ta
008 221006b |||||||| |||| 00| 0 eng d
020 _a8120719379
024 _a12,250
037 _cTextual
040 _aLCO
_cLCO
_beng
041 _2eng
_aeng
082 _aV1:2, N8
100 _aBhagwan V.
_9704824
245 0 _aWorld Constitutions
250 _a7th
260 _aNew
_bDelhi Sterling Publishers Pvt. Ltd. India
_c1998
700 _a Bhushan V.
_9154207
942 _hV1:2, N8
_cTEXL
999 _c1181813
_d1181813